Latitud de la flor y el granizo : (Record no. 462)
[ view plain ]
| 000 -LEADER | |
|---|---|
| campo de control de longitud fija | 01760cam a2200349 a 4500 |
| 001 - NÚMERO DE CONTROL | |
| campo de control | 4442221 |
| 005 - FECHA Y HORA DE LA ÚLTIMA TRANSACCIÓN | |
| campo de control | 20220326193313.0 |
| 008 - DATOS DE LONGITUD FIJA--INFORMACIÓN GENERAL | |
| campo de control de longitud fija | 940727s1993 mx b b s000 0 spa d |
| 010 ## - NÚMERO DE CONTROL DE LA BIBLIOTECA DEL CONGRESO | |
| Número de control de LC | 94180483 |
| 020 ## - NÚMERO INTERNACIONAL ESTÁNDAR DEL LIBRO | |
| Número Internacional Estándar del Libro | 9686492704 |
| 035 ## - NÚMERO DE CONTROL DEL SISTEMA | |
| Número de control de sistema | (OCoLC)29721386 |
| 040 ## - FUENTE DE CATALOGACIÓN | |
| Centro catalogador/agencia de origen | FU |
| Centro/agencia transcriptor | FU |
| Centro/agencia modificador | DLC |
| 042 ## - CÓDIGO DE AUTENTICACIÓN | |
| Código de autenticación | lccopycat |
| 043 ## - CÓDIGO DE ÁREA GEOGRÁFICA | |
| Código de área geográfica | ncgt--- |
| 082 ## - NÚMERO DE LA CLASIFICACIÓN DECIMAL DEWEY | |
| Número de clasificación | 304.28 |
| Número de ítem | P344I |
| 100 1# - ENTRADA PRINCIPAL--NOMBRE DE PERSONA | |
| Nombre de persona | Payeras, Mario. |
| 9 (RLIN) | 2214 |
| 245 10 - MENCIÓN DEL TÍTULO | |
| Título | Latitud de la flor y el granizo : |
| Resto del título | y otros escritos sobre el medio ambiente mesoamericano / |
| Mención de responsabilidad, etc. | Mario Payeras. |
| 250 ## - MENCION DE EDICION | |
| Mención de edición | 2. ed. |
| 260 ## - PUBLICACIÓN, DISTRIBUCIÓN, ETC. | |
| Lugar de publicación, distribución, etc. | Tuxtla Gutiérrez, Chiapas, México : |
| Nombre del editor, distribuidor, etc. | Gobierno del Estado de Chiapas, Consejo Estatal de Fomento a la Investigación y Difusión de la Cultura, DIF-Chiapas, Instituto Chiapaneco de Cultura, |
| Fecha de publicación, distribución, etc. | 1993. |
| 300 ## - DESCRIPCIÓN FÍSICA | |
| Extensión | 131 p. : |
| Otras características físicas | maps ; |
| Dimensiones | 21 cm. |
| 440 #0 - MENCIÓN DE SERIE/PUNTO DE ACCESO ADICIONAL--TÍTULO | |
| Título | Serie Centroamericana |
| 9 (RLIN) | 2215 |
| 504 ## - NOTA DE BIBLIOGRAFÍA, ETC. | |
| Nota de bibliografía, etc. | Includes bibliographical references. |
| 505 0# - NOTA DE CONTENIDO CON FORMATO | |
| Nota de contenido con formato | Latitud de la flor y el granizo -- Las selvas de El Petén y el pulmón boscoso mesoamericano -- Las rutas ístmicas del Halcón Peregrino. |
| 520 1# - RESUMEN, ETC. | |
| Sumario, etc. | "An environmental history of Guatemala, written from a Marxist perspective by a former guerrilla fighter who before his death was one of Guatemala's most creative writers, is of both literary and scholarly interest"--Handbook of Latin American Studies, v. 57. |
| Identificador Uniforme de Recursos | <a href="http://www.loc.gov/hlas/">http://www.loc.gov/hlas/</a> |
| 650 #0 - PUNTO DE ACCESO ADICIONAL DE MATERIA--TÉRMINO DE MATERIA | |
| Término de materia o nombre geográfico como elemento de entrada | Nature |
| Subdivisión general | Effect of human beings on |
| Subdivisión geográfica | Guatemala |
| Subdivisión general | History. |
| 9 (RLIN) | 2216 |
| 650 #0 - PUNTO DE ACCESO ADICIONAL DE MATERIA--TÉRMINO DE MATERIA | |
| Término de materia o nombre geográfico como elemento de entrada | Environmental protection |
| Subdivisión geográfica | Guatemala |
| Subdivisión general | History. |
| 9 (RLIN) | 2217 |
| 650 #0 - PUNTO DE ACCESO ADICIONAL DE MATERIA--TÉRMINO DE MATERIA | |
| Término de materia o nombre geográfico como elemento de entrada | Environmental policy |
| Subdivisión geográfica | Guatemala |
| Subdivisión general | History. |
| 9 (RLIN) | 2218 |
| 650 #0 - PUNTO DE ACCESO ADICIONAL DE MATERIA--TÉRMINO DE MATERIA | |
| Término de materia o nombre geográfico como elemento de entrada | Environmental sciences |
| Subdivisión geográfica | Guatemala |
| Subdivisión general | History. |
| 9 (RLIN) | 2219 |
| 700 ## - ENTRADA AGREGADA--NOMBRE PERSONAL | |
| Nombre de persona | Payeras, Mario. |
| 9 (RLIN) | 2220 |
| 906 ## - ELEMENTOS DE DATOS F LOCAL, LDF (RLIN) | |
| a | 7 |
| b | cbc |
| c | copycat |
| d | 2 |
| e | ncip |
| f | 19 |
| g | y-gencatlg |
| Estatus retirado | Estado de pérdida | Fuente del sistema de clasificación o colocación | Estado de daño | No para préstamo | Biblioteca de origen | Biblioteca actual | Ubicación en estantería | Fecha de adquisición | Total de préstamos | Signatura topográfica completa | Código de barras | Visto por última vez | Precio de reemplazo | Tipo de ítem Koha |
|---|---|---|---|---|---|---|---|---|---|---|---|---|---|---|
| Clasificación Decimal Dewey | Biblioteca LadoV | Biblioteca LadoV | 18/03/2015 | 304.28 P344I | 000389 | 18/03/2015 | 18/03/2015 | Material 01 |
